Díez-Alegría, jesuíta prohibido (Record no. 90570)

MARC details
000 -LEADER
campo de control de longitud fija 00586nam a2200181 i 4500
001 - NÚMERO DE CONTROL
campo de control 90570
003 - IDENTIFICADOR DE NÚMERO DE CONTROL
campo de control ES-MaACL
005 - FECHA Y HORA DE LA ÚLTIMA TRANSACCIÓN
campo de control 20230906180502.0
007 - CAMPO FIJO DE DESCRIPCIÓN FÍSICA--INFORMACIÓN GENERAL
campo de control de longitud fija t|
008 - DATOS DE LONGITUD FIJA--INFORMACIÓN GENERAL
campo de control de longitud fija 050121s1973 sp ||||1| spa d
100 1# - ENTRADA PRINCIPAL--NOMBRE DE PERSONA
Nombre de persona Leguineche, Manuel.
9 (RLIN) 71316
245 10 - MENCIÓN DEL TÍTULO
Título Díez-Alegría, jesuíta prohibido
Resto del título : (libro informe) /
Mención de responsabilidad, etc. Manuel Leguineche, J.L. Torres Murillo, Fermín Cebolla.
260 ## - PUBLICACIÓN, DISTRIBUCIÓN, ETC.
Lugar de publicación, distribución, etc. [Madrid :
Nombre del editor, distribuidor, etc. Fundamentos,
Fecha de publicación, distribución, etc. 1973]
300 ## - DESCRIPCIÓN FÍSICA
Extensión 271 p. ;
Dimensiones 17 cm.
700 1# - ENTRADA AGREGADA--NOMBRE PERSONAL
Nombre de persona Torres Murillo, José Luis.
9 (RLIN) 110990
700 1# - ENTRADA AGREGADA--NOMBRE PERSONAL
Nombre de persona Cebolla, Fermín.
9 (RLIN) 37286
852 ## - LOCALIZACIÓN
Ubicación ES-MaACL
Número de control de estantería C-53738
Sublocalización o colección R.86515
Holdings
Estatus retirado Estado de pérdida Estado de daño No para préstamo Biblioteca de origen Biblioteca actual Ubicación en estantería Fecha de adquisición Fuente de adquisición Total de préstamos Signatura topográfica completa Código de barras Visto por última vez Precio de reemplazo Tipo de ítem Koha
        Biblioteca del Ateneo de Madrid Biblioteca del Ateneo de Madrid Depósito 2 17/01/2008     C-53738 1094575 23/02/2023 23/02/2023 Libro impreso